[Event "Vecindario Montalvo Memorial 16th"]
[Site "Vecindario"]
[Date "2024.03.29"]
[Round "7"]
[White "Gonzalez Perdomo, Sergio"]
[Black "Lorenzo Merino, Hector"]
[Result "1-0"]
[WhiteElo "1792"]
[BlackElo "1586"]
[PlyCount "73"]
[EventDate "2024.03.23"]
[EventType "swiss"]
[EventRounds "9"]
[EventCountry "ESP"]
[SourceTitle "CB15_2024"]
[SourceDate "2024.04.10"]
[SourceVersion "1"]
[SourceVersionDate "2024.04.10"]
[SourceQuality "1"]

1. e4 d6 2. Nc3 g6 3. Nf3 Bg7 4. d4 c6 5. Be3 Qc7 6. Qd2 b5 7. Bd3 Bg4 8. a3 Bxf3 9. gxf3 Nd7 10. f4 e5 11. fxe5 dxe5 12. d5 a6 13. 0-0-0 c5 14. Rhf1 b4 15. axb4 cxb4 16. Nb1 a5 17. Bb5 h5 18. Qd3 Ngf6 19. f3 0-0 20. Bc6 Rac8 21. Nd2 Nb8 22. Ba4 Nfd7 23. d6 Qd8 24. Qb5 f5 25. Nc4 Nc6 26. Qd5+ Kh7 27. Bxc6 Nf6 28. Qb5 fxe4 29. Bb6 Bh6+ 30. Kb1 Rb8 31. Bxd8 Rxb5 32. Bxb5 Rxd8 33. fxe4 Nxe4 34. Rf7+ Kg8 35. Rd7 Rf8 36. Nxe5 Nc5 37. Bc4+ 1-0

[Event "Vecindario Montalvo Memorial 16th"]
[Site "Vecindario"]
[Date "2024.03.24"]
[Round "2"]
[White "Lorenzo Merino, Hector"]
[Black "Bangiev, Katharina"]
[Result "0-1"]
[WhiteElo "1586"]
[BlackElo "1779"]
[PlyCount "104"]
[EventDate "2024.03.23"]
[EventType "swiss"]
[EventRounds "9"]
[EventCountry "ESP"]
[SourceTitle "CB15_2024"]
[SourceDate "2024.04.10"]
[SourceVersion "1"]
[SourceVersionDate "2024.04.10"]
[SourceQuality "1"]

1. d4 Nf6 2. Nf3 g6 3. Bf4 Bg7 4. e3 0-0 5. Nc3 d5 6. Be2 c5 7. Ne5 Nbd7 8. h4 Qa5 9. f3 cxd4 10. exd4 Qb4 11. Rb1 Nh5 12. Bh2 Nxe5 13. dxe5 Qxh4+ 14. Kf1 Bxe5 15. Bxe5 Qxh1+ 16. Kf2 Qh4+ 17. Kg1 Qg5 18. Qd4 Bh3 19. g4 Nf6 20. Kf2 Nd7 21. Bg3 Qf6 22. Qxf6 Nxf6 23. Rh1 Bxg4 24. fxg4 d4 25. Nb5 Ne4+ 26. Kf3 Nxg3 27. Kxg3 e5 28. Bc4 Rac8 29. Bb3 a6 30. Nd6 Rc7 31. g5 Kg7 32. Ne4 Re7 33. Nf6 h5 34. Kf3 Rd8 35. Ke4 Rc8 36. Rf1 Rf8 37. Nd5 Ree8 38. Rf6 h4 39. Rf1 h3 40. Nf6 Re7 41. Rh1 Rh8 42. Ng4 Rh4 43. Kf3 e4+ 44. Kg3 Rh5 45. Rxh3 Rxh3+ 46. Kxh3 e3 47. Bc4 e2 48. Bxe2 Rxe2 49. c3 d3 50. Kg3 d2 51. Nf2 Rxf2 52. Kxf2 d1Q 0-1